000 00552nam a22001817a 4500
005 20140311163044.0
008 131129b xxu||||| |||| 00| 0 eng d
020 _a9710871102
050 _aHF 5636
_b.H281 2011
100 _aHarina, Ricardo M.
245 _aCollege accounting 2 :
_baccounting for parnership, corporation and manufacturing (revised edition) /
_cRicardo M. Harina.
260 _aMandaluyong City :
_bNBS,
_c2011.
300 _a203 p. :
_c28 cm.
521 _aBSA
650 _aAccounting
942 _2lcc
_cBK
_kLOC
999 _c39791
_d39791